<?xml version="1.0" encoding="UTF-8"?>
<collection xmlns="http://www.loc.gov/MARC21/slim">
 <record>
  <leader>02057nam a2200337 a 4500</leader>
  <controlfield tag="001">TVCDKTCT2244</controlfield>
  <controlfield tag="003">Thư viện trường Cao đẳng Kỹ thuật Cao Thắng</controlfield>
  <controlfield tag="005">20050815000000</controlfield>
  <controlfield tag="008">050815</controlfield>
  <datafield tag="980" ind1="\" ind2="\">
   <subfield code="a">Thư viện Trường CĐ Kỹ Thuật Cao Thắng</subfield>
  </datafield>
  <datafield tag="024" ind1=" " ind2=" ">
   <subfield code="a">RG_1 #1 eb0 i1</subfield>
  </datafield>
  <datafield tag="041" ind1="0" ind2="#">
   <subfield code="a">vie</subfield>
  </datafield>
  <datafield tag="082" ind1="#" ind2="#">
   <subfield code="a">621.9 / </subfield>
   <subfield code="b">NG527C-t</subfield>
  </datafield>
  <datafield tag="100" ind1="1" ind2="#">
   <subfield code="a">Nguyễn Ngọc Cẩn</subfield>
  </datafield>
  <datafield tag="245" ind1="0" ind2="0">
   <subfield code="a">Thiết kế máy cắt kim loại /</subfield>
   <subfield code="c">Nguyễn Ngọc Cẩn</subfield>
  </datafield>
  <datafield tag="250" ind1="#" ind2="#">
   <subfield code="a">In lần thứ 1</subfield>
  </datafield>
  <datafield tag="260" ind1="#" ind2="#">
   <subfield code="a">Tp.HCM :</subfield>
   <subfield code="b">Trường Đại Học Sư Phạm Kỹ Thuật ,</subfield>
   <subfield code="c">1987</subfield>
  </datafield>
  <datafield tag="300" ind1="#" ind2="#">
   <subfield code="a">462tr. ;</subfield>
   <subfield code="c">20.5cm</subfield>
  </datafield>
  <datafield tag="520" ind1="#" ind2="#">
   <subfield code="a">Thiết kế máy công cụ nói chung, và thiết kế máy cắt kim loại nói riêng là khâu quan trọng trong quá trình sản xuất và chế tạo các loại máy móc khác nhau để cơ khí hoá và tự động hóa các ngành kinh tế quốc dân. Cuốn sách được biên soạn dựa trên cơ sở giáo trình &quot;Tính toán, thiết kế máy cắt kim loại&quot; đã được giảng dạy cho chuyên ngành Chế tạo máy. Cuốn sách 10 chương: </subfield>
  </datafield>
  <datafield tag="520" ind1="#" ind2="#">
   <subfield code="a">Chương 1: Đại cương về thiết kế máy cắt kim loại</subfield>
  </datafield>
  <datafield tag="520" ind1="#" ind2="#">
   <subfield code="a">Chương 2: Cơ sở thiết kế máy cắt kim loại</subfield>
  </datafield>
  <datafield tag="520" ind1="#" ind2="#">
   <subfield code="a">Chương 3: Thiết kế hộp tốc độ</subfield>
  </datafield>
  <datafield tag="520" ind1="#" ind2="#">
   <subfield code="a">Chương 4: Thiết kế hộp chạy dao</subfield>
  </datafield>
  <datafield tag="520" ind1="#" ind2="#">
   <subfield code="a">Chương 5: Cơ cấu truyền động vô cấp</subfield>
  </datafield>
  <datafield tag="520" ind1="#" ind2="#">
   <subfield code="a">Chương 6: Thân máy và sống trượt</subfield>
  </datafield>
  <datafield tag="520" ind1="#" ind2="#">
   <subfield code="a">Chương 7: Thiết kế trục chính ổ trục</subfield>
  </datafield>
  <datafield tag="520" ind1="#" ind2="#">
   <subfield code="a">Chương 8: Cơ cấu máy</subfield>
  </datafield>
  <datafield tag="520" ind1="#" ind2="#">
   <subfield code="a">Chương 9: Hệ thống bôi trơn và làm nguội</subfield>
  </datafield>
  <datafield tag="520" ind1="#" ind2="#">
   <subfield code="a">Chương 10: Sử dụng và bảo quản máy công cụ</subfield>
  </datafield>
  <datafield tag="650" ind1="#" ind2="4">
   <subfield code="a">Máy cắt kim loại--Trang bị điện</subfield>
  </datafield>
  <datafield tag="650" ind1="#" ind2="4">
   <subfield code="a">Máy cắt</subfield>
  </datafield>
 </record>
</collection>
